000
00329nam a2200133Ia 4500
008
220928s9999 xx 000 0 und d
082
_b
PRA
100
_a
PRASAD, SHIVA NATH
245
0
_a
ESSAYS IN BIOETHICS JAINA PERSPECTIVE
260
_b
NIKHIL PRAKASHAN, JAIPUR
_c
2021
300
_a
236
650
_a
General
942
_c
BK
999
_c
208298
_d
208298